Návrh vodných stabilných hasiacich zariadení v administratívnej budove

Gespeichert in:
Bibliographische Detailangaben
1. Verfasser: Kostelník, Pavol (Verfasst von)
Weitere Verfasser: Jánošková, Taťjana (Betreuung Doktorarbeit)
Format: Manuskript Buch
Sprache:Slowakisch
Veröffentlicht: 2023
Schlagworte:
Online-Zugang:http://is.stuba.sk/zp/portal_zp.pl?podrobnosti=170367
https://opac.crzp.sk/?fn=detailBiblioForm&sid=C0DEB8E07572332BA92A0315805F
Tags: Tag hinzufügen
Keine Tags, Fügen Sie das erste Tag hinzu!

MARC

LEADER 00000ntm a22000003a 4500
001 stuzp93163
003 SK-STU
005 20230919100403.2
007 ta
008 150427s2015----xo-----f-mn---000-0-slo-d
040 |a STU  |b slo 
041 0 |a slo 
100 1 |a Kostelník, Pavol  |u 010290  |4 aut  |U SvF Stavebná fakulta  |T SvF Katedra technických zariadení budov  |X 93285  |U V290  |Y 31  |7 93285 
242 0 1 |a Design of an Automatic sprinkler system in the office building  |y eng 
245 1 0 |a Návrh vodných stabilných hasiacich zariadení v administratívnej budove 
260 |c 2023 
650 4 |a Realizačný projekt  |2 slo 
650 4 |a Vodné stabilné hasiace zariadenia  |2 slo 
650 4 |a Administratívna budova  |2 slo 
650 4 |a Implementation project  |2 eng 
650 4 |a Water stable sprinkler system  |2 eng 
650 4 |a Office building  |2 eng 
700 1 |a Jánošková, Taťjana  |4 ths  |X 2745  |7 A000002745 
856 4 |u http://is.stuba.sk/zp/portal_zp.pl?podrobnosti=170367 
856 4 |u https://opac.crzp.sk/?fn=detailBiblioForm&sid=C0DEB8E07572332BA92A0315805F